[Event "Wch Juvenil 2013 sub-14"]
[Site "Al-Ain UAE"]
[Date "2013.12.24"]
[Round "7.8"]
[White "Shtembuliak, Evgeny"]
[Black "Song, Edward"]
[Result "0-1"]
[WhiteElo "2263"]
[BlackElo "2208"]
[PlyCount "126"]
[EventDate "2013.12.19"]
[EventType "swiss"]
[EventRounds "11"]
[EventCountry "UAE"]
[Source "lmi"]
[SourceDate "2013.12.19"]

1. b3 e5 2. Bb2 Nc6 3. e3 Nf6 4. Bb5 Bd6 5. Na3 Na5 6. Be2 a6 7. Nf3 Qe7 8. Nb1
Nc6 9. d4 O-O 10. dxe5 Nxe5 11. Nc3 Nxf3+ 12. gxf3 Ba3 13. Qc1 Bxb2 14. Qxb2 d5
15. O-O-O c6 16. Rhg1 Rd8 17. Rg5 b5 18. Rdg1 g6 19. h4 c5 20. h5 Be6 21. hxg6
fxg6 22. Bd3 Bf7 23. Ne2 d4 24. exd4 c4 25. Re5 Qd6 26. Be4 Rac8 27. Rd1 Nd7
28. f4 Nxe5 29. fxe5 Qc7 30. f4 c3 31. Qa3 a5 32. Kb1 b4 33. Qc1 Bd5 34. Bxd5+
Rxd5 35. f5 a4 36. fxg6 axb3 37. gxh7+ Kh8 38. Nf4 bxa2+ 39. Ka1 b3 40. cxb3 c2
41. Rd3 Rxd4 42. Rxd4 Qc3+ 43. Kxa2 Qxd4 44. Ng6+ Kxh7 45. Qh1+ Kxg6 46. Qg2+
Kf5 47. Qh3+ Qg4 48. Qd3+ Kxe5 49. Qe3+ Kd6 50. Qd3+ Ke7 51. Qh7+ Kd8 52. Qh8+
Kc7 53. Qe5+ Kc6 54. Qf6+ Kd5 55. Qf7+ Qe6 56. Qf3+ Kd6 57. Qd3+ Ke7 58. Qh7+
Kd8 59. Qh4+ Kc7 60. Qf4+ Kb7 61. Qb4+ Qb6 62. Qe7+ Rc7 63. Qe4+ Ka7 0-1

[Event "Wch Juvenil 2013 sub-14"]
[Site "Al-Ain UAE"]
[Date "2013.12.24"]
[Round "7.9"]
[White "Ieong, Seak Hin"]
[Black "Ooi, Zhi Yang"]
[Result "0-1"]
[WhiteElo "1578"]
[BlackElo "1803"]
[PlyCount "70"]
[EventDate "2013.12.19"]
[EventType "swiss"]
[EventRounds "11"]
[EventCountry "UAE"]
[Source "lmi"]
[SourceDate "2013.12.19"]

1. Nf3 c5 2. e3 Nf6 3. b3 e6 4. Bb2 Be7 5. Be2 O-O 6. O-O b6 7. Ne5 Bb7 8. f4
d6 9. Bf3 d5 10. d3 Ne8 11. Be2 f6 12. Nf3 Nd6 13. g4 Nc6 14. Nbd2 Re8 15. Qe1
Bf8 16. Qg3 Qe7 17. Rf2 e5 18. fxe5 fxe5 19. e4 dxe4 20. Nxe4 Nxe4 21. dxe4 g6
22. Bc4+ Kh8 23. Nh4 Bc8 24. Rf7 Qd6 25. Raf1 Be6 26. Nxg6+ Kg8 27. Bxe6 Qxe6
28. Rxf8+ Rxf8 29. Rxf8+ Rxf8 30. Nxf8 Kxf8 31. Qf3+ Kg7 32. Qf5 Qxf5 33. exf5
Kf6 34. Kf2 Nb4 35. c3 Nd3+ 0-1

[Event "Wch Juvenil 2013 sub-14"]
[Site "Al-Ain UAE"]
[Date "2013.12.24"]
[Round "7.9"]
[White "Pranav, Vijay"]
[Black "Petrov, Vladimir Sergeev"]
[Result "1-0"]
[WhiteElo "2224"]
[BlackElo "2076"]
[PlyCount "65"]
[EventDate "2013.12.19"]
[EventType "swiss"]
[EventRounds "11"]
[EventCountry "UAE"]
[Source "lmi"]
[SourceDate "2013.12.19"]

1. d4 Nf6 2. c4 e6 3. g3 d5 4. Nf3 Be7 5. Bg2 O-O 6. O-O dxc4 7. Qc2 a6 8. a4
Bd7 9. Rd1 Bc6 10. Nc3 a5 11. e4 Na6 12. Ne5 Nb4 13. Qe2 Be8 14. Nxc4 Ra6 15.
Bf4 c6 16. Rac1 b5 17. axb5 cxb5 18. Na3 Qb6 19. Naxb5 Na2 20. Ra1 Nxc3 21.
Nxc3 Bd7 22. e5 Ne8 23. d5 Bc5 24. dxe6 Bc6 25. Bxc6 Qxc6 26. Ne4 Be7 27. exf7+
Rxf7 28. Nd6 Rxf4 29. gxf4 Bxd6 30. exd6 Nxd6 31. Rac1 Qb6 32. Qe6+ Kf8 33.
Rxd6 1-0

[Event "Wch Juvenil 2013 sub-14"]
[Site "Al-Ain UAE"]
[Date "2013.12.24"]
[Round "7.10"]
[White "Foziljonov, Khojiakbar"]
[Black "Liebert, Erwin"]
[Result "1-0"]
[WhiteElo "1801"]
[BlackElo "1526"]
[PlyCount "83"]
[EventDate "2013.12.19"]
[EventType "swiss"]
[EventRounds "11"]
[EventCountry "UAE"]
[Source "lmi"]
[SourceDate "2013.12.19"]

1. e4 e5 2. Nf3 Nc6 3. Bb5 a6 4. Ba4 Nf6 5. O-O Nxe4 6. Re1 Nc5 7. Bxc6 dxc6 8.
Nxe5 Be6 9. d4 Nd7 10. Bf4 Bd6 11. Nd2 O-O 12. Ne4 Re8 13. Nxd6 cxd6 14. Nxd7
Qxd7 15. Qf3 Re7 16. Qg3 d5 17. Bg5 Ree8 18. Bf6 Bg4 19. Be5 f6 20. Bxf6 gxf6
21. h3 f5 22. hxg4 fxg4 23. Qf4 Qg7 24. c3 Rf8 25. Qe5 Rae8 26. Qxe8 Rxe8 27.
Rxe8+ Kf7 28. Rae1 Qg5 29. R1e3 h5 30. R8e5 Qh4 31. Rf5+ Kg6 32. Ree5 g3 33.
fxg3 Qxg3 34. Rxh5 Qd3 35. Rhg5+ Kh6 36. Kh2 Qd2 37. Rg3 Qxb2 38. Re6+ Kh7 39.
Re7+ Kh6 40. Reg7 Qb1 41. Rg8 Kh7 42. R8g4 1-0

[Event "Wch Juvenil 2013 sub-14"]
[Site "Al-Ain UAE"]
[Date "2013.12.24"]
[Round "7.10"]
[White "Turar, Dastan"]
[Black "Dai, Changren"]
[Result "0-1"]
[WhiteElo "1890"]
[BlackElo "2216"]
[PlyCount "74"]
[EventDate "2013.12.19"]
[EventType "swiss"]
[EventRounds "11"]
[EventCountry "UAE"]
[Source "lmi"]
[SourceDate "2013.12.19"]

1. d4 Nf6 2. c4 g6 3. Nc3 Bg7 4. e4 d6 5. Be2 O-O 6. Nf3 e5 7. O-O Nc6 8. d5
Ne7 9. b4 a5 10. bxa5 Rxa5 11. a4 c5 12. Nd2 Nd7 13. Nb5 Ra6 14. Ra3 f5 15.
exf5 gxf5 16. f4 Ng6 17. fxe5 Ndxe5 18. Nf3 f4 19. Nxe5 Bxe5 20. Bg4 Ra8 21.
Bxc8 Qxc8 22. Rh3 Rf7 23. Rh5 Qd7 24. Bd2 Raf8 25. Qf3 Qd8 26. Kh1 Qf6 27. Qg4
Kh8 28. Rf3 Rg8 29. Rg5 Rfg7 30. Rh3 Nf8 31. Rxg7 Rxg7 32. Qc8 Qg6 33. g3 Qd3
34. Kg1 fxg3 35. hxg3 Rxg3+ 36. Rxg3 Qxg3+ 37. Kh1 Qh2# 0-1

[Event "Wch Juvenil 2013 sub-14"]
[Site "Al-Ain UAE"]
[Date "2013.12.24"]
[Round "7.11"]
[White "Dolana, Andrei-Theodor"]
[Black "Bashirli, Nail Qoshqar"]
[Result "0-1"]
[WhiteElo "2210"]
[BlackElo "1887"]
[PlyCount "38"]
[EventDate "2013.12.19"]
[EventType "swiss"]
[EventRounds "11"]
[EventCountry "UAE"]
[Source "lmi"]
[SourceDate "2013.12.19"]

1. e4 c5 2. c3 Nf6 3. e5 Nd5 4. d4 cxd4 5. Nf3 d6 6. cxd4 Nc6 7. Bc4 Nb6 8. Bb3
dxe5 9. d5 Na5 10. Nc3 Nxb3 11. Qxb3 g6 12. Nxe5 Bg7 13. Bf4 O-O 14. Rd1 h5 15.
O-O g5 16. Bxg5 Bxe5 17. d6 Bxd6 18. Rfe1 Qc7 19. Nb5 Qc4 0-1

[Event "Wch Juvenil 2013 sub-14"]
[Site "Al-Ain UAE"]
[Date "2013.12.24"]
[Round "7.12"]
[White "Abdullatif, Hassan"]
[Black "Ahmed, Qutayba Yunis"]
[Result "1/2-1/2"]
[BlackElo "1663"]
[PlyCount "38"]
[EventDate "2013.12.19"]
[EventType "swiss"]
[EventRounds "11"]
[EventCountry "UAE"]
[Source "lmi"]
[SourceDate "2013.12.19"]
[WhiteElo "1399"]

1. e4 c5 2. Nf3 Nc6 3. Nc3 g6 4. d4 cxd4 5. Nxd4 Bg7 6. Be3 d6 7. Be2 Nf6 8.
O-O O-O 9. Kh1 Re8 10. f4 Nxd4 11. Bxd4 e5 12. fxe5 dxe5 13. Be3 b6 14. Bg5
Qxd1 15. Raxd1 Ng4 16. Nd5 h6 17. Bf6 Nxf6 18. Nxf6+ Bxf6 19. Rxf6 Be6 1/2-1/2

[Event "Wch Juvenil 2013 sub-14"]
[Site "Al-Ain UAE"]
[Date "2013.12.24"]
[Round "7.12"]
[White "Shahaliyev, Ismayil Bahram"]
[Black "Santos Ruiz, Miguel"]
[Result "1/2-1/2"]
[WhiteElo "2091"]
[BlackElo "2307"]
[PlyCount "113"]
[EventDate "2013.12.19"]
[EventType "swiss"]
[EventRounds "11"]
[EventCountry "UAE"]
[Source "lmi"]
[SourceDate "2013.12.19"]

1. Nf3 c5 2. e4 Nc6 3. Nc3 d6 4. d4 cxd4 5. Nxd4 e5 6. Nb3 Be7 7. Be3 Nf6 8. f3
Be6 9. Nd5 O-O 10. Qd2 a5 11. Bb6 Qd7 12. Bb5 Bd8 13. Bxa5 Bxd5 14. Bxd8 Qxd8
15. exd5 Ne7 16. c4 Nh5 17. O-O f5 18. c5 Rf6 19. Rfe1 Rh6 20. cxd6 Qxd6 21.
Qe3 f4 22. Qxe5 Qb6+ 23. Qd4 Qxb5 24. Rxe7 Rd8 25. Rae1 Rhd6 26. Qc5 Qa4 27.
Qa5 Qc4 28. Qc5 Qa4 29. Qa5 Qc4 30. Re8+ Rxe8 31. Rxe8+ Kf7 32. Rd8 Rxd8 33.
Qxd8 Nf6 34. d6 Qe2 35. Qc7+ Kg6 36. Qc1 Nd5 37. Qd2 Qe6 38. Nc5 Qxd6 39. Qd4
b6 40. Nd3 Kh6 41. g3 fxg3 42. Qh4+ Kg6 43. Qxg3+ Qxg3+ 44. hxg3 h5 45. a4 Kf5
46. b4 g5 47. a5 bxa5 48. bxa5 Nc7 49. Kf2 g4 50. Nc5 gxf3 51. Kxf3 Nb5 52. Nd3
Nd4+ 53. Ke3 Nc6 54. a6 Kg4 55. Nf4 Kxg3 56. Nxh5+ Kg4 57. Ke4 1/2-1/2

[Event "Wch Juvenil 2013 sub-14"]
[Site "Al-Ain UAE"]
[Date "2013.12.24"]
[Round "7.13"]
[White "Acsinte, Matei-Ionut"]
[Black "Martinez Alcantara, Jose Eduar"]
[Result "1/2-1/2"]
[WhiteElo "2094"]
[BlackElo "2301"]
[PlyCount "47"]
[EventDate "2013.12.19"]
[EventType "swiss"]
[EventRounds "11"]
[EventCountry "UAE"]
[Source "lmi"]
[SourceDate "2013.12.19"]

1. d4 Nf6 2. c4 g6 3. Nc3 d5 4. cxd5 Nxd5 5. e4 Nxc3 6. bxc3 Bg7 7. Be3 c5 8.
Rc1 Qa5 9. Qd2 O-O 10. Nf3 cxd4 11. cxd4 Qxd2+ 12. Kxd2 Rd8 13. Bd3 Bg4 14. Rc7
Nc6 15. d5 Nb4 16. Rxe7 Nxd3 17. Kxd3 f5 18. Nd4 fxe4+ 19. Kxe4 Re8 20. Rxe8+
Rxe8+ 21. Kd3 Rd8 22. h3 Bxd4 23. Kxd4 Be6 24. Ke5 1/2-1/2

[Event "Wch Juvenil 2013 sub-14"]
[Site "Al-Ain UAE"]
[Date "2013.12.24"]
[Round "7.14"]
[White "Kozusek, Daniel"]
[Black "Tokranovs, Dmitrijs"]
[Result "1-0"]
[WhiteElo "2090"]
[BlackElo "2273"]
[PlyCount "89"]
[EventDate "2013.12.19"]
[EventType "swiss"]
[EventRounds "11"]
[EventCountry "UAE"]
[Source "lmi"]
[SourceDate "2013.12.19"]

1. e4 d5 2. exd5 Qxd5 3. Nc3 Qd6 4. d4 Nf6 5. Nf3 Bg4 6. h3 Bh5 7. g4 Bg6 8.
Ne5 Nbd7 9. Nb5 Qb6 10. Nc4 Qe6+ 11. Ne3 O-O-O 12. Bc4 Qb6 13. a4 a5 14. g5 Ne8
15. Nd5 Qe6+ 16. Ne3 Qb6 17. b4 e6 18. Bd2 Bxb4 19. Bxb4 axb4 20. a5 Qa6 21.
Qf3 Nb8 22. d5 Nd6 23. Nxc7 Qa7 24. Nb5 Nxb5 25. Bxb5 Qc5 26. Bc4 exd5 27. Bxd5
Qc3+ 28. Ke2 Rxd5 29. Qxd5 Rd8 30. Qc4+ Qxc4+ 31. Nxc4 Bxc2 32. Rac1 Bd3+ 33.
Ke3 Nc6 34. Rhd1 Bxc4 35. Rxd8+ Kxd8 36. Rxc4 b3 37. Kd2 Nxa5 38. Rb4 Kc7 39.
Kc3 Kc6 40. Rh4 Kb5 41. Rxh7 Ka4 42. Rh4+ Kb5 43. Rf4 Kc5 44. Rf5+ Kb6 45. Rxf7
1-0

[Event "Wch Juvenil 2013 sub-14"]
[Site "Al-Ain UAE"]
[Date "2013.12.24"]
[Round "7.15"]
[White "Puccini, Jack"]
[Black "Cori Quispe, Kevin"]
[Result "0-1"]
[WhiteElo "2073"]
[BlackElo "2259"]
[PlyCount "50"]
[EventDate "2013.12.19"]
[EventType "swiss"]
[EventRounds "11"]
[EventCountry "UAE"]
[Source "lmi"]
[SourceDate "2013.12.19"]

1. e4 c5 2. Nf3 e6 3. d4 cxd4 4. Nxd4 Nc6 5. Nc3 Qc7 6. Be3 a6 7. Bd3 Nf6 8.
O-O b5 9. Nxc6 dxc6 10. f4 e5 11. Qf3 Ng4 12. Bd2 Qb6+ 13. Kh1 Bc5 14. Nd1 exf4
15. Qxf4 Be6 16. e5 O-O-O 17. Bf5 h5 18. Bxg4 hxg4 19. b4 Bd4 20. Bc3 Rh5 21.
Bxd4 Qxd4 22. Qxd4 Rxd4 23. c3 Rd2 24. a4 g3 25. h3 Rxh3+ 0-1

[Event "Wch Juvenil 2013 sub-14"]
[Site "Al-Ain UAE"]
[Date "2013.12.24"]
[Round "7.16"]
[White "Marek, Matyas"]
[Black "Maghsoodloo, Parham"]
[Result "1/2-1/2"]
[WhiteElo "2055"]
[BlackElo "2199"]
[PlyCount "101"]
[EventDate "2013.12.19"]
[EventType "swiss"]
[EventRounds "11"]
[EventCountry "UAE"]
[Source "lmi"]
[SourceDate "2013.12.19"]

1. e4 e5 2. Nf3 d6 3. d4 Nf6 4. Nc3 Nbd7 5. Bc4 Be7 6. O-O O-O 7. Re1 c6 8. a4
Qc7 9. b3 a5 10. Bb2 Nb6 11. Be2 Re8 12. Qd3 Bf8 13. Bf1 Bg4 14. Ne2 Rad8 15.
Ng3 Nh5 16. Nh4 Nf4 17. Qe3 g6 18. h3 Bc8 19. Nf3 f6 20. Rad1 Be6 21. Ne2 Nxe2+
22. Rxe2 Nd7 23. Red2 Bf7 24. c4 Qb6 25. dxe5 Qxe3 26. fxe3 fxe5 27. Ba3 Nf6
28. Bd3 Bh6 29. Re2 d5 30. cxd5 cxd5 31. Bb5 dxe4 32. Nd2 Re6 33. Kf2 Kg7 34.
Rc1 Kg8 35. Nc4 b6 36. Bb2 Rd5 37. Rd2 Rxd2+ 38. Nxd2 Nd5 39. Nf1 Re7 40. Rc8+
Kg7 41. Ba3 Be6 42. Bxe7 Bxc8 43. Bd8 Kf7 44. Bc6 Be6 45. Bxd5 Bxd5 46. Nd2 Bf8
47. Bxb6 Bb4 48. Ke2 Bxd2 49. Kxd2 Bxb3 50. Bxa5 Bxa4 51. Ke2 1/2-1/2

[Event "Wch Juvenil 2013 sub-14"]
[Site "Al-Ain UAE"]
[Date "2013.12.24"]
[Round "7.17"]
[White "Viswanadha, Kesav"]
[Black "Nigmatov, Ortik"]
[Result "0-1"]
[WhiteElo "2169"]
[BlackElo "2023"]
[PlyCount "92"]
[EventDate "2013.12.19"]
[EventType "swiss"]
[EventRounds "11"]
[EventCountry "UAE"]
[Source "lmi"]
[SourceDate "2013.12.19"]

1. d4 Nf6 2. c4 g6 3. g3 Bg7 4. Bg2 O-O 5. Nc3 c6 6. Nf3 d5 7. cxd5 cxd5 8. Ne5
Nc6 9. O-O Bf5 10. Bf4 Rc8 11. Rc1 Qa5 12. a3 Rfd8 13. Qd2 Qa6 14. h3 Na5 15.
Qd1 Nc4 16. Nxc4 Rxc4 17. Be5 Be6 18. Qd2 Ne8 19. Bxg7 Kxg7 20. e3 Nf6 21. Rfd1
Rcc8 22. Kh2 h5 23. f3 h4 24. g4 Qd6+ 25. f4 a6 26. Kg1 Bd7 27. Qf2 Rh8 28. Bf3
Bc6 29. Qg2 e6 30. Rc2 Kf8 31. Rdc1 Ke7 32. Na4 Nd7 33. Nc5 Nxc5 34. Rxc5 g5
35. f5 Bd7 36. fxe6 fxe6 37. Kf1 Rxc5 38. Rxc5 Bb5+ 39. Kg1 Bc4 40. Rxc4 dxc4
41. Bxb7 Rb8 42. Bc6 c3 43. b4 Qg3 44. Qxg3 hxg3 45. Be4 Rf8 46. Kg2 c2 0-1

[Event "Wch Juvenil 2013 sub-14"]
[Site "Al-Ain UAE"]
[Date "2013.12.24"]
[Round "7.18"]
[White "Perske, Thore"]
[Black "Fawzy, Adham"]
[Result "1-0"]
[WhiteElo "2164"]
[BlackElo "2013"]
[PlyCount "51"]
[EventDate "2013.12.19"]
[EventType "swiss"]
[EventRounds "11"]
[EventCountry "UAE"]
[Source "lmi"]
[SourceDate "2013.12.19"]

1. e4 c5 2. Nf3 Nc6 3. d4 cxd4 4. Nxd4 Nf6 5. Nc3 e5 6. Ndb5 d6 7. Bg5 a6 8.
Na3 b5 9. Nd5 Qa5+ 10. Bd2 Qd8 11. Bd3 Be6 12. c4 bxc4 13. Nxc4 Nxd5 14. exd5
Bxd5 15. Qa4 Bxg2 16. Rg1 Bf3 17. Rg3 Bh1 18. O-O-O Rc8 19. Rxh1 d5 20. Nxe5
Bd6 21. Nxc6 Bxg3 22. Re1+ Kf8 23. Bxa6 Bxf2 24. Bxc8 Qxc8 25. Bb4+ Kg8 26.
Re8+ 1-0

[Event "Wch Juvenil 2013 sub-14"]
[Site "Al-Ain UAE"]
[Date "2013.12.24"]
[Round "7.19"]
[White "Spacek, Oliver"]
[Black "Lopez Mulet, Iñigo"]
[Result "0-1"]
[WhiteElo "2041"]
[BlackElo "2151"]
[PlyCount "54"]
[EventDate "2013.12.19"]
[EventType "swiss"]
[EventRounds "11"]
[EventCountry "UAE"]
[Source "lmi"]
[SourceDate "2013.12.19"]

1. d4 Nf6 2. c4 c5 3. d5 b5 4. cxb5 a6 5. bxa6 g6 6. Nc3 Bxa6 7. g3 d6 8. Bg2
Bg7 9. Nf3 Nbd7 10. Rb1 Nb6 11. b3 Bb7 12. Nh4 O-O 13. O-O Ng4 14. Bd2 Bxc3 15.
Bxc3 Rxa2 16. e4 Ne5 17. f4 Ned7 18. Rb2 Rxb2 19. Bxb2 Qc7 20. Qg4 c4 21. Nf5
Nf6 22. Qg5 c3 23. Ba1 Ra8 24. h3 Ra2 25. Kh2 Nxe4 26. Nxe7+ Kf8 27. Nc6 Nxg5
0-1

[Event "Wch Juvenil 2013 sub-14"]
[Site "Al-Ain UAE"]
[Date "2013.12.24"]
[Round "7.20"]
[White "Gokerkan, Cem Kaan"]
[Black "Thybo, Jesper Sondergaard"]
[Result "1-0"]
[WhiteElo "1960"]
[BlackElo "2147"]
[PlyCount "67"]
[EventDate "2013.12.19"]
[EventType "swiss"]
[EventRounds "11"]
[EventCountry "UAE"]
[Source "lmi"]
[SourceDate "2013.12.19"]

1. Nf3 Nf6 2. c4 g6 3. Nc3 d5 4. cxd5 Nxd5 5. Qb3 Nb6 6. d4 Bg7 7. Bg5 O-O 8.
Rd1 Bg4 9. e3 Bxf3 10. gxf3 Nc6 11. Be2 Qd7 12. O-O Qh3 13. Ne4 h6 14. Bf4 e5
15. dxe5 Nxe5 16. Ng3 c6 17. Bxe5 Bxe5 18. f4 Bg7 19. Rd6 Rad8 20. Rxg6 Kh7 21.
Bg4 Qxf1+ 22. Kxf1 fxg6 23. Qc2 Nd5 24. h4 Rfe8 25. h5 Rd6 26. hxg6+ Kh8 27.
Qb3 b5 28. Qa3 Red8 29. Qxa7 Rxg6 30. Bf5 Rxg3 31. fxg3 Re8 32. e4 Nf6 33. e5
Nd5 34. Bd7 1-0

[Event "Wch Juvenil 2013 sub-14"]
[Site "Al-Ain UAE"]
[Date "2013.12.24"]
[Round "7.21"]
[White "Litvinov, Maxim"]
[Black "Akhgari, Reza"]
[Result "1-0"]
[WhiteElo "2144"]
[BlackElo "2000"]
[PlyCount "131"]
[EventDate "2013.12.19"]
[EventType "swiss"]
[EventRounds "11"]
[EventCountry "UAE"]
[Source "lmi"]
[SourceDate "2013.12.19"]

1. e4 e6 2. d4 d5 3. Nc3 Bb4 4. e5 c5 5. a3 Ba5 6. b4 cxd4 7. Nb5 Bc7 8. f4 Nh6
9. Nf3 Nf5 10. Bd3 Nc6 11. Bb2 O-O 12. Nxc7 Qxc7 13. Bxf5 exf5 14. O-O Be6 15.
Bxd4 b6 16. Qd3 Rfc8 17. Bb2 a6 18. Rf2 Ne7 19. Qe3 Nc6 20. Rd1 h5 21. h3 g6
22. Ng5 Ra7 23. Rfd2 Ne7 24. Qf2 Rb7 25. Bd4 Qd8 26. Qe2 Rc4 27. Bf2 Qc8 28.
Bd4 a5 29. b5 Ra4 30. Qe3 Qc7 31. Qb3 Qc4 32. Qb2 Nc8 33. Rd3 Qc7 34. Rg3 Ne7
35. Nf3 Rc4 36. c3 Qd8 37. Nd2 Rc8 38. a4 Kf8 39. Nf1 Rcc7 40. Qf2 Rd7 41. Ne3
Nc8 42. Rg5 Qe7 43. Qh4 Ke8 44. g4 hxg4 45. hxg4 Kd8 46. gxf5 Bxf5 47. Nxf5
gxf5 48. Qh8+ Kc7 49. e6 Rd8 50. Qe5+ Nd6 51. Rg7 Kc8 52. Qxd5 Kb8 53. Be5 Ka7
54. Bxd6 Qh4 55. exf7 Rdd7 56. Qg2 Rxf7 57. Rxf7 Rxf7 58. Be5 Rh7 59. c4 Qe7
60. Rd6 Qh4 61. Rd1 Qe7 62. Bd4 Qa3 63. Bxb6+ Kxb6 64. Qc6+ Ka7 65. Qa6+ Kb8
66. Rd8+ 1-0

[Event "Wch Juvenil 2013 sub-14"]
[Site "Al-Ain UAE"]
[Date "2013.12.24"]
[Round "7.22"]
[White "Manukyan, Artyom"]
[Black "Asgharzadeh, M.Reza"]
[Result "0-1"]
[WhiteElo "1890"]
[BlackElo "2143"]
[PlyCount "62"]
[EventDate "2013.12.19"]
[EventType "swiss"]
[EventRounds "11"]
[EventCountry "UAE"]
[Source "lmi"]
[SourceDate "2013.12.19"]

1. e4 e5 2. Nf3 Nc6 3. Bb5 a6 4. Bxc6 dxc6 5. O-O f6 6. d4 Bg4 7. c3 Qd7 8. h3
Bxf3 9. Qxf3 O-O-O 10. Be3 h5 11. Nd2 g5 12. Qg3 exd4 13. cxd4 Nh6 14. Rfd1 h4
15. Qf3 g4 16. hxg4 Nxg4 17. Nc4 Bh6 18. d5 Bxe3 19. Nxe3 Nxe3 20. Qxe3 Rdg8
21. dxc6 Qg4 22. cxb7+ Kb8 23. Kf1 Qxg2+ 24. Ke2 Rg3 25. Qd4 h3 26. Rac1 Qf3+
27. Kd2 Rg2 28. Rf1 h2 29. Kc2 Re8 30. Rce1 Reg8 31. Re3 Rxf2+ 0-1

[Event "Wch Juvenil 2013 sub-14"]
[Site "Al-Ain UAE"]
[Date "2013.12.24"]
[Round "7.23"]
[White "Liao, Yu Hao"]
[Black "Tomczak, Mikolaj"]
[Result "0-1"]
[WhiteElo "1770"]
[BlackElo "2133"]
[PlyCount "112"]
[EventDate "2013.12.19"]
[EventType "swiss"]
[EventRounds "11"]
[EventCountry "UAE"]
[Source "lmi"]
[SourceDate "2013.12.19"]

1. e4 c5 2. Nf3 Nc6 3. Bb5 d6 4. d4 cxd4 5. Qxd4 Bd7 6. Bxc6 Bxc6 7. Nc3 Nf6 8.
Bg5 e6 9. O-O-O Be7 10. Qd3 O-O 11. Nd4 Rc8 12. f4 a6 13. h4 b5 14. e5 Ne8 15.
Ne4 Bxe4 16. Qxe4 d5 17. Qe3 Qd7 18. f5 Bc5 19. f6 Qc7 20. Qe2 gxf6 21. Bh6
Qxe5 22. Qg4+ Kh8 23. Bxf8 Bxf8 24. Rhe1 Qc7 25. Re2 Bg7 26. Nxe6 fxe6 27. Qxe6
Nd6 28. Qxd5 Nc4 29. Qh5 Qc6 30. Rde1 Ne5 31. Kb1 Rd8 32. Qf5 Qc4 33. c3 a5 34.
g4 Rf8 35. Rg2 a4 36. Qe4 Qc5 37. Rd1 a3 38. Rd5 Qc7 39. Rxb5 axb2 40. Rb3 Nc4
41. Kc2 Qa7 42. Kb1 Ra8 43. a3 Nxa3+ 44. Kxb2 Nc4+ 45. Kc1 Qa4 46. Qb1 Rd8 47.
Qa2 Qc6 48. Rg1 Nd2 49. Qxd2 Rxd2 50. Kxd2 Bf8 51. Kc1 Qf3 52. Kb1 Qd3+ 53. Ka1
Bd6 54. g5 Qc4 55. Ka2 Qxh4 56. Rd1 fxg5 0-1

[Event "Wch Juvenil 2013 sub-14"]
[Site "Al-Ain UAE"]
[Date "2013.12.24"]
[Round "7.24"]
[White "Martirosyan, Haik M"]
[Black "Visveshwar, A."]
[Result "1-0"]
[WhiteElo "2131"]
[BlackElo "1870"]
[PlyCount "53"]
[EventDate "2013.12.19"]
[EventType "swiss"]
[EventRounds "11"]
[EventCountry "UAE"]
[Source "lmi"]
[SourceDate "2013.12.19"]

1. Nf3 d5 2. d4 Nf6 3. c4 e6 4. Nbd2 Be7 5. g3 O-O 6. Bg2 b6 7. O-O Bb7 8. b3
Nbd7 9. Bb2 c5 10. Rc1 Rc8 11. e3 cxd4 12. Nxd4 Nc5 13. Qe2 Qd7 14. cxd5 Ba6
15. dxe6 fxe6 16. Nc4 e5 17. Nf3 Qd3 18. Qe1 Qf5 19. Nfxe5 Ng4 20. Nxg4 Qxg4
21. Qd1 Qg6 22. Qd5+ Kh8 23. Ne5 Qf5 24. g4 Qg5 25. f4 Qh4 26. Nf7+ Rxf7 27.
Qxf7 1-0

[Event "Wch Juvenil 2013 sub-14"]
[Site "Al-Ain UAE"]
[Date "2013.12.24"]
[Round "7.25"]
[White "Licheli, Luka"]
[Black "Xu, Minghui"]
[Result "0-1"]
[WhiteElo "1759"]
[BlackElo "2121"]
[PlyCount "90"]
[EventDate "2013.12.19"]
[EventType "swiss"]
[EventRounds "11"]
[EventCountry "UAE"]
[Source "lmi"]
[SourceDate "2013.12.19"]

1. e4 c5 2. b3 Nf6 3. e5 Nd5 4. Bb2 Nc6 5. Nf3 e6 6. g3 Be7 7. c4 Nc7 8. Bg2
O-O 9. O-O b5 10. Na3 Ba6 11. Rc1 Rb8 12. d3 Nb4 13. Ra1 f6 14. Qd2 d5 15. cxb5
Nxb5 16. Nc2 Nc6 17. Rae1 f5 18. Rc1 Qd7 19. Nfe1 Rfc8 20. f4 Bd8 21. Nf3 Ba5
22. Qe2 Bc3 23. Nce1 d4 24. Bxc3 Nxc3 25. Qd2 Nb4 26. Ra1 Qb5 27. Ng5 Rb6 28.
Rf2 h6 29. Ngf3 Bb7 30. h3 Ra6 31. a4 Qd7 32. g4 Nbd5 33. gxf5 exf5 34. Nc2 Rb6
35. b4 Nxb4 36. Nh4 Nbd5 37. Na3 Ne3 38. Nc4 Nxc4 39. dxc4 Ne4 40. Bxe4 fxe4
41. Ra3 Qd8 42. Nf5 e3 43. Nxe3 dxe3 44. Qxd8+ Rxd8 45. Rxe3 Rd1+ 0-1

[Event "Wch Juvenil 2013 sub-14"]
[Site "Al-Ain UAE"]
[Date "2013.12.24"]
[Round "7.26"]
[White "Meunier, Clement"]
[Black "Zisiadis, Dimitrios"]
[Result "1-0"]
[WhiteElo "2113"]
[BlackElo "1827"]
[PlyCount "41"]
[EventDate "2013.12.19"]
[EventType "swiss"]
[EventRounds "11"]
[EventCountry "UAE"]
[Source "lmi"]
[SourceDate "2013.12.19"]

1. e4 c5 2. Nf3 e6 3. d4 cxd4 4. Nxd4 a6 5. Nc3 Qc7 6. Bd3 Nc6 7. Nxc6 bxc6 8.
b3 Nf6 9. Bb2 d5 10. Qe2 Bd6 11. O-O-O d4 12. Nb1 e5 13. h3 a5 14. f4 c5 15.
Na3 O-O 16. g4 exf4 17. Nb5 f3 18. Qxf3 Bf4+ 19. Kb1 Qe5 20. Rhf1 Be3 21. Qxe3
1-0

[Event "Wch Juvenil 2013 sub-14"]
[Site "Al-Ain UAE"]
[Date "2013.12.24"]
[Round "7.27"]
[White "Agmanov, Zhandos"]
[Black "Baskin, Robert"]
[Result "0-1"]
[WhiteElo "1972"]
[BlackElo "2190"]
[PlyCount "59"]
[EventDate "2013.12.19"]
[EventType "swiss"]
[EventRounds "11"]
[EventCountry "UAE"]
[Source "lmi"]
[SourceDate "2013.12.19"]

1. e4 c5 2. Nf3 d6 3. d4 cxd4 4. Nxd4 Nf6 5. Nc3 a6 6. Bc4 e6 7. O-O b5 8. Bb3
Be7 9. Qf3 Qc7 10. Qg3 Nc6 11. Nf5 exf5 12. Qxg7 Rf8 13. Bg5 Qd8 14. Rae1 Ne5
15. exf5 Rg8 16. Bxf7+ Nxf7 17. Qxf6 Nxg5 18. Nd5 Nf3+ 19. Kh1 Nxe1 20. Rxe1
Ra7 21. Qd4 Bb7 22. Rxe7+ Qxe7 23. Nxe7 Bxg2+ 24. Kg1 Rxe7 25. f4 Re2 26. Qc3
Bh3+ 27. Kh1 Bxf5 28. Qc6+ Ke7 29. Qb7+ Kf6 30. Qf7+ 0-1

[Event "Wch Juvenil 2013 sub-14"]
[Site "Al-Ain UAE"]
[Date "2013.12.24"]
[Round "7.28"]
[White "Tran, Minh Thang"]
[Black "Virtanen, Teemu"]
[Result "1-0"]
[WhiteElo "2062"]
[BlackElo "1936"]
[PlyCount "133"]
[EventDate "2013.12.19"]
[EventType "swiss"]
[EventRounds "11"]
[EventCountry "UAE"]
[Source "lmi"]
[SourceDate "2013.12.19"]

1. d4 c5 2. d5 Nf6 3. Nc3 g6 4. e4 d6 5. Nf3 Bg7 6. Be2 O-O 7. O-O Na6 8. Nd2
Nc7 9. a4 e6 10. Nc4 Nxe4 11. Nxe4 exd5 12. Nexd6 dxc4 13. Nxc8 Qxc8 14. Bxc4
Rd8 15. Qf3 Ne6 16. Ra3 Qd7 17. c3 b6 18. h4 Qe7 19. h5 Qf6 20. Qxf6 Bxf6 21.
hxg6 hxg6 22. a5 Rab8 23. Re1 b5 24. Bxe6 fxe6 25. Bf4 e5 26. Bxe5 Re8 27. f4
Rbd8 28. a6 Bh4 29. Rf1 Rd5 30. c4 bxc4 31. Rh3 g5 32. Bf6 Rf5 33. Bc3 Rd5 34.
fxg5 Re4 35. g6 Rdd4 36. Rhf3 Kg7 37. Rf4 Rxf4 38. Rxf4 Bf6 39. Bxd4 cxd4 40.
Rg4 d3 41. Rxc4 Kxg6 42. Kf2 Bxb2 43. Ke3 Kf5 44. Kxd3 Be5 45. Rc5 Kf6 46. Ke4
Bg3 47. Rf5+ Ke6 48. Rg5 Bf2 49. g4 Bg3 50. Rg6+ Kf7 51. Kf5 Bf2 52. g5 Be3 53.
Rh6 Kg7 54. Re6 Bc5 55. Rc6 Bg1 56. Rc7+ Kg8 57. g6 Bd4 58. Rd7 Be3 59. Kf6 Bb6
60. g7 Ba5 61. Rxa7 Bc3+ 62. Kg6 Bxg7 63. Ra8+ Bf8 64. Rb8 Kh8 65. a7 Kg8 66.
a8=R Kh8 67. Rxf8# 1-0